Rekreačný areál v regióne Orava

Saved in:
Bibliographic Details
Main Author: Tarabová, Simona (Author)
Other Authors: Bránický, Filip (Thesis advisor)
Format: Manuscript Book
Language:Slovak
Published: 2023
Subjects:
Online Access:http://is.stuba.sk/zp/portal_zp.pl?podrobnosti=171308
https://opac.crzp.sk/?fn=detailBiblioForm&sid=C0DEB8E07572332BAC220C15805F
Tags: Add Tag
No Tags, Be the first to tag this record!

MARC

LEADER 00000ntm a22000003a 4500
001 stuzp93870
003 SK-STU
005 20230921132510.6
007 ta
008 150427s2015----xo-----f-mn---000-0-slo-d
040 |a STU  |b slo 
041 0 |a slo 
100 1 |a Tarabová, Simona  |u 010310  |4 aut  |U SvF Stavebná fakulta  |T SvF Katedra architektúry  |X 93351  |U V181|V310  |Y 19  |7 93351 
242 0 1 |a Recreation complex in the Orava region  |y eng 
245 1 0 |a Rekreačný areál v regióne Orava 
260 |c 2023 
650 4 |a Orava  |2 slo 
650 4 |a kúpele  |2 slo 
650 4 |a rekreácia  |2 slo 
650 4 |a Spa  |2 eng 
650 4 |a Orava  |2 eng 
650 4 |a Recreation  |2 eng 
700 1 |a Bránický, Filip  |u 010310  |k Z1  |4 ths  |U SvF Stavebná fakulta  |T SvF Katedra architektúry  |X 49264  |U V181|V310  |Y 19  |7 A000049264 
856 4 |u http://is.stuba.sk/zp/portal_zp.pl?podrobnosti=171308 
856 4 |u https://opac.crzp.sk/?fn=detailBiblioForm&sid=C0DEB8E07572332BAC220C15805F